00559 2200205 4500001002100000005001500021035002000036001002100056005001500077035002000092245005700112100002300169250001700192300003100209260003600240082001000276084001700286020002200303650002800325INLIS00000000000102420250428084020 a0010-0425000019INLIS00000000000058920240822093245 a0010-08240001071 aKekayaan Alam :bPelengkap IPS /cSoeharno Koestanto0 aSoeharno Koestanto aCetakan ke-4 ax, 60 hlm :bIlus ;c21 cm aJakarta :bBalai Pustaka,c2007 a333.7 a333.7 SOE k a978-979-666-269-8 4ailmu pengetahuan sosial